000 02370cam a22003974i 4500
003 PE-LiUPU
005 20250731183434.0
008 150706s2008 gw a r 000 0 eng d
020 _a9783791340432
035 _a(Sirsi) i9783791340432
040 _aPE-LiUPU
_bspa
_cPE-LiUPU
_erda
049 _aPRUA
082 0 4 _a720.92
_bK92
_221
100 1 _aKuhl, Isabel,
_eautor.
245 1 0 _a50 architects :
_byou should know /
_cIsabel Kuhl, Cristina Lowis y Sabine Thiel-Siling.
264 1 _aMunich :
_bNew York : Prestel,
_c2008.
300 _a171 páginas :
_bilustraciones a color y n. ;
_c25 centimetros
336 _atext
_2rdacontent
337 _aunmediated
_2rdamedia
338 _avolume
_2rdacarrier
505 0 _aFilippo Brunelleschi -- Leon Battista Alberti -- Donato Bramante -- Michelangelo -- Andrea Palladio -- Gianlorenzo Bernini -- Christopher Wren -- Balthasar Neumann -- Nicolas Ledoux -- Thomas Jefferson -- Karl Friedrich Schinkel -- Gottfried Semper -- Otto Wagner -- Daniel Burnham -- Antoni Gaudi -- Louis Sullivan -- Victor Horta -- Frank Lloyd Wright -- Auguste Perret -- Walter Gropius -- Ludwig Mies Van Der Rohe -- Le Corbusier -- Gerrit Rietveld -- Richard Neutra -- Alvar Aalto -- Louis I Kahn -- Philip Johnson -- Oscar Niemeyer -- Eero Saarinen -- Kenzo Tange -- Ieoh Ming Pei -- Gunter Behnisch -- Cesar Pelli -- Frank O Gehry -- Aldo Rossi -- Richard Rogers -- Richard Meier -- Norman Foster -- Von Gerkan, Marg Und Partner -- SOM -- Rafael Moneo -- Renzo Piano -- Toyo Ito -- Tadao Ando -- Rem Koolhaas -- Jean Nouvel -- Daniel Libeskind -- Steven Holl -- Zaha Hadid -- Herzog & De Meuron.
526 _aP158
526 _aP146
526 _aP17
526 _aP12
526 _aP06
541 _g004-000768;
650 0 4 _aArquitectos
_vBiografías.
650 0 4 _aArquitectura.
_94555
910 _agl
_bjv
_clch
_d20130225
942 _2ddc
_cBOOK
949 _a720.92 K92
_wDEWEY
_c1
_i66278
_lCCODEBUL1
_mBUL
_p30.00
_r0
_sY
_tBOOK
_u2015-7-6
_xINGENIERIA
_PP06
_o.STAFF. Colección General
994 _aC0
_bPEPRU
596 _a1
999 _a720.92 K92
_wDEWEY
_c54534
_i66278
_d54534
_e2019-10-2
_f2021-11-9
_g7
_lCCODEBUL1
_mBUL
_n8
_p30.00
_q1
_r0
_sY
_tBOOK
_u2015-7-6
_xINGENIERIA
_PP06
_0COMPRA
_o.STAFF. Colección Ingeniería y Arquitectura
980 _81
_gALBERTO SANCHEZ Responsable de Automatización